| 000 | 005600000a22001930004500 | ||
|---|---|---|---|
| 001 | 002430 | ||
| 003 | MACL | ||
| 005 | 20150901142830.0 | ||
| 008 | 150901b xxu||||| |||| 00| 0 eng d | ||
| 040 |
_aMACL _cMACL |
||
| 041 | _aEnglish | ||
| 082 | _a800/CHA | ||
| 100 |
_aChanda, Lpshita _98287 |
||
| 245 |
_aTracing The charit as a Genre _bAn Exploration in Comparative Literature Methodology _cLpshita Chanda |
||
| 260 |
_aKolkata _c2003 _bD S A, Department of computrative Literature, |
||
| 350 | _a50 | ||
| 650 |
_aLiterature _98288 |
||
| 942 |
_k800 _cBK _2ddc |
||
| 999 |
_c14342 _d14342 |
||